031_ Personnalités nées un 31 janvier par images - Statistiques

Statistiques générales
  • Ce quiz a été pris 40 fois
  • Le résultat moyen est 2 sur 9
Statistiques - réponses
Par images Hint Réponse % Correct
Chanteur Keen'V
95%
Chanteur Justin Timberlake
59%
Boxeur Brahim Asloum
44%
Reine Beatrix
8%
Compositeur Franz Schubert
8%
Tenniswoman Pauline Parmentier
5%
Actrice Kerry Washington
3%
Actrice Jessica Walter
0%
Actrice Joanne Dru
0%
Aucun quiz correspondant
Distribution des résultats
% des personnes avec chaque résultat
Percentile par nombre de réponses
Votre historique - résultats
Vous n’avez pas pris ce quiz